00540nam a22001577a 450000500170000002000230001703500130004003700130005310000260006624500900009226000360018230000190021894200220023799900170025995201060027620170828144734.0 a8170003164c375.00 aB-058665 aDPLbENG aLaloo, Bikika Tariang aInformation needs, information seeking behaviour and users /cby Bikika Tariang Laloo aNew DelhibEss Ess Publications a150p.c18 cms. 2ddccENh028mLAL c63522d63522 001040708NFICaZLSbZLSd2012-02-27g375.00l0o028 LALpB-058665r2012-02-27 00:00:00v375.00yEN